Celebrity Sorting VI Quiz Stats

 Plays Quiz Updated Oct 7, 2019

Score 0/10 Timer 02:00
87 Plays Today
% Correct
Actor
98.2%
Musician
95.9%
Painter
90.3%
Politician
88.9%
Entrepreneur|Businessperson
86.9%
Athlete
85.2%
Author
82.7%
Director
81.3%
Reporter|Journalist
79.6%
Religious Leader
78%

You're not logged in!

Compare scores with friends on all Sporcle quizzes.
OR
Log In

Sporcle TV

Today on Sporcle TV


Watch our educational content, quiz creation guides, and fun videos on Sporcle TV.

Show Comments

Extras

Top Quizzes Today


Score Distribution

Your Account Isn't Verified!

In order to create a playlist on Sporcle, you need to verify the email address you used during registration. Go to your Sporcle Settings to finish the process.

Report this User

Report this user for behavior that violates our Community Guidelines.

Details: